Electricity and magnetism for degree students (Record no. 10165)

000 -LEADER
fixed length control field 00568nam a2200205Ia 4500
008 - FIXED-LENGTH DATA ELEMENTS--GENERAL INFORMATION
fixed length control field 200103s 1962 ||||xx |||||||||||||| ||und||
082 ## - DEWEY DECIMAL CLASSIFICATION NUMBER
Classification number 537
Item number STA
100 ## - MAIN ENTRY--PERSONAL NAME
Personal name Starling, S. G.
245 #0 - TITLE STATEMENT
Title Electricity and magnetism for degree students
250 ## - EDITION STATEMENT
Edition statement 8th
260 ## - PUBLICATION, DISTRIBUTION, ETC. (IMPRINT)
Name of publisher, distributor, etc English Language Book Society
Date of publication, distribution, etc 1962
Place of publication, distribution, etc London
300 ## - PHYSICAL DESCRIPTION
Extent viii, 650 p.: ill.
504 ## - BIBLIOGRAPHY, ETC. NOTE
Bibliography, etc Includes index
650 ## - SUBJECT ADDED ENTRY--TOPICAL TERM
Topical term or geographic name as entry element Magnetism
650 ## - SUBJECT ADDED ENTRY--TOPICAL TERM
Topical term or geographic name as entry element Radioactivity
650 ## - SUBJECT ADDED ENTRY--TOPICAL TERM
Topical term or geographic name as entry element Electrostatics
650 ## - SUBJECT ADDED ENTRY--TOPICAL TERM
Topical term or geographic name as entry element Electromagnetics
700 ## - ADDED ENTRY--PERSONAL NAME
Personal name Woodall, A. J.
Relator term Collaborator
942 ## - ADDED ENTRY ELEMENTS (KOHA)
Item type Books
Holdings
Withdrawn status Lost status Source of classification or shelving scheme Damaged status Not for loan Collection code Permanent location Current location Shelving location Date acquired Full call number Barcode Date last seen Koha item type Public note
          Non-fiction IMU-MPC Library IMU-MPC Library General Stacks 2020-01-08 537 STA LBSD421 2025-03-17 Books Column - 53
          Non-fiction IMU-MPC Library IMU-MPC Library General Stacks 2020-01-08 537 STA MPC1351 2025-03-17 Books Column - 53
Copyright © 2021 Indian Maritime University, Mumbai Port Campus. All Rights Reserved. Managed & Maintained by Central Library, IMU-Mumbai

webs counters

Powered by Koha